000 00421nam a2200169Ia 4500
005 20251020182615.0
008 200515s9999 xx 000 0 und d
082 _aSC/691.6/S42/2000
110 _aMinisterio de Transportes y Comunicaciones
245 0 _aNorma Técnica de Edificación NTE E. 110 : Vidrio
260 _aLima
260 _c2000
300 _a28
650 _aE-110
650 _aVIDRIO
942 _cLIB
999 _c3460
_d3460